Where the crawdads sing / Delia Owens.
Available copies
- 2 of 3 copies available at LARL/NWRL Consortium.
- 0 of 1 copy available at Lake Agassiz Regional Library. (Show preferred library)
Current holds
0 current holds with 3 total copies.
View other formats and editions
Show Only Available Copies
| Location | Call Number / Copy Notes | Barcode | Shelving Location | Status | Due Date |
|---|---|---|---|---|---|
| Fosston Public Library | LARGE PRINT OWE (Text) | 33500012813887 | Main | Checked out | 06/20/2026 |
| Roseau Public Library | lp OWE (Text) | 35500006216293 | Main | Available | - |
| Roseau Public Library | lp OWE (Text) | 35500006219636 | Main | Available | - |
Record details
- ISBN: 9781984827616
- ISBN: 1984827618
- Physical Description: 496 pages (large print) ; 24 cm
- Publisher: [New York] : Random House Large Print, [2018]
Content descriptions
| General Note: | Title from web page. |
| Summary, etc.: | "Fans of Barbara Kingsolver will love this ... Read More |
Search for related items by subject
| Genre: | Large type books. Fiction. |
| LDR | 03015cam a2200469Ki 4500 | ||
|---|---|---|---|
| 001 | 295703 | ||
| 003 | LARL_NWRL_CONSORTIUM | ||
| 005 | 20180821132534.0 | ||
| 008 | 180521s2018 nyu d 000 1 eng d | ||
| 040 | . | ‡aTEFBT ‡beng ‡erda ‡cTEFBT ‡dBDX ‡dOCLCF ‡dTEFBT ‡dNRG | |
| 020 | . | ‡a9781984827616 | |
| 020 | . | ‡a1984827618 | |
| 035 | . | ‡a(OCoLC)1048421481 ‡z(OCoLC)1036987837 | |
| 037 | . | ‡bBooks on Tape ‡nhttp://library.booksontape.com | |
| 082 | 0 | 4. | ‡a813/.6 ‡223 |
| 049 | . | ‡aNRGA | |
| 100 | 1 | . | ‡aOwens, Delia, ‡eauthor. ‡0(LARL_NWRL_CONSORTIUM)153675 |
| 245 | 1 | 0. | ‡aWhere the crawdads sing / ‡cDelia Owens. |
| 264 | 1. | ‡a[New York] : ‡bRandom House Large Print, ‡c[2018] | |
| 300 | . | ‡a496 pages (large print) ; ‡c24 cm | |
| 336 | . | ‡atext ‡btxt ‡2rdacontent | |
| 337 | . | ‡aunmediated ‡bn ‡2rdamedia | |
| 338 | . | ‡avolume ‡bnc ‡2rdacarrier | |
| 340 | . | ‡nlarge print ‡erda | |
| 500 | . | ‡aTitle from web page. | |
| 520 | . | ‡a"Fans of Barbara Kingsolver will love this stunning debut novel from a New York Times bestselling nature writer, about an unforgettable young woman determined to make her way in the wilds of North Carolina, and the two men that will break her isolation open. For years, rumors of the "Marsh Girl" have haunted Barkley Cove, a quiet town on the North Carolina coast. She's barefoot and wild; unfit for polite society. So in late 1969, when handsome Chase Andrews is found dead, the locals immediately suspect Kya Clark. But Kya is not what they say. Abandoned at age ten, she has survived on her own in the marsh that she calls home. A born naturalist with just one day of school, she takes life lessons from the land, learning from the false signals of fireflies the real way of this world. But while she could have lived in solitude forever, the time comes when she yearns to be touched and loved. Drawn to two young men from town, who are each intrigued by her wild beauty, Kya opens herself to a new and startling world--until the unthinkable happens. In Where the Crawdads Sing, Owens juxtaposes an exquisite ode to the natural world against a heartbreaking coming of age story and a surprising murder investigation. Thought-provoking, wise, and deeply moving, Owens's debut novel reminds us that we are forever shaped by the children we once were, and that we are all subject to the beautiful and violent secrets that nature keeps"-- ‡cProvided by publisher. | |
| 650 | 0. | ‡aYoung women ‡vFiction. ‡0(LARL_NWRL_CONSORTIUM)168213 | |
| 650 | 0. | ‡aSolitude ‡vFiction. ‡0(LARL_NWRL_CONSORTIUM)175142 | |
| 650 | 0. | ‡aMurder ‡xInvestigation ‡vFiction. ‡0(LARL_NWRL_CONSORTIUM)166203 | |
| 650 | 7. | ‡aFICTION / Literary. ‡2bisacsh | |
| 650 | 7. | ‡aFICTION / Coming of Age. ‡2bisacsh | |
| 650 | 7. | ‡aFICTION / Contemporary Women. ‡2bisacsh | |
| 650 | 7. | ‡aMurder ‡xInvestigation. ‡2fast ‡0(LARL_NWRL_CONSORTIUM)26286 | |
| 650 | 7. | ‡aSolitude. ‡2fast ‡0(LARL_NWRL_CONSORTIUM)31404 | |
| 650 | 7. | ‡aYoung women. ‡2fast ‡0(LARL_NWRL_CONSORTIUM)35114 | |
| 655 | 0. | ‡aLarge type books. | |
| 655 | 7. | ‡aFiction. ‡2fast | |
| 905 | . | ‡ubacont | |
| 901 | . | ‡a295703 ‡b ‡c295703 ‡tbiblio ‡soclc | |

Add to basket
Permalink
Disable Highlighting